| 000 | 00509nam a22001817a 4500 | ||
|---|---|---|---|
| 003 | CEME | ||
| 005 | 20210628203043.0 | ||
| 008 | 210416b xxu||||| |||| 00| 0 eng d | ||
| 020 | _a0-442-26395-3 | ||
| 040 | _c. | ||
| 082 | _a658.503 MIL'C | ||
| 100 |
_aMiller, Stanly S _963042 |
||
| 245 | _aCompetative manufacturing , using production as a management tool | ||
| 260 |
_aNEWYORK _bVAN NOSTRAND _c1988 |
||
| 300 | _a245P | ||
| 650 |
_aSTARTEGIC PLANNING PRODUCTION MANAGEMENT _963043 |
||
| 942 |
_cBK _2ddc |
||
| 999 |
_c571987 _d571987 |
||